000 00572cam a22002053a 4500
001 41133
003 PGUSA
005 20140828083928.0
008 121021s2012||||xxu|||||s|||||000 | eng d
040 _aPGUSA
_beng
042 _adc
100 1 _aBarkley, H. C.
245 1 0 _aStudies in the Art of Rat-catching
_h[electronic resource] /
_cH. C. Barkley
260 _bProject Gutenberg,
_c2012
506 _aPublic domain in the USA.
516 _aElectronic text
830 0 _aProject Gutenberg
_v41133
856 4 0 _uhttp://www.gutenberg.org/ebooks/41133
942 _cEB
999 _c270385
_d270385